Catálogo

ELECTRIC AND HYBRID VEHICLES : (Registro nro. 60563)

Detalles MARC
000 -LEADER
fixed length control field 00532nam a2200169 a 4500
001 - CONTROL NUMBER
control field 60563
005 - DATE AND TIME OF LATEST TRANSACTION
control field 20180714061849.0
008 - FIXED-LENGTH DATA ELEMENTS--GENERAL INFORMATION
fixed length control field 140415s2011 xxu 000 0 eng d
020 ## - INTERNATIONAL STANDARD BOOK NUMBER
International Standard Book Number 9781439811757
041 ## - LANGUAGE CODE
Language code of text/sound track or separate title eng
082 ## - DEWEY DECIMAL CLASSIFICATION NUMBER
Classification number 629.2293
Item number HUS
100 1# - MAIN ENTRY--PERSONAL NAME
Personal name HUSAIN, IQBAL
245 10 - TITLE STATEMENT
Title ELECTRIC AND HYBRID VEHICLES :
Remainder of title DESIGN FUNDAMENTALS
250 ## - EDITION STATEMENT
Edition statement 2a ed.
260 ## - PUBLICATION, DISTRIBUTION, ETC.
Place of publication, distribution, etc. ESTADOS UNIDOS DE AMERICA :
Name of publisher, distributor, etc. TAYLOR AND FRANCIS GROUP, LLC,
Date of publication, distribution, etc. 2011
650 14 - SUBJECT ADDED ENTRY--TOPICAL TERM
Topical term or geographic name entry element VEHICULOS ELECTRICOS
General subdivision
--
-- VEHICULOS ELECTRICOS
-- HIBRIDOS
Existencias
Withdrawn status Lost status Source of classification or shelving scheme Damaged status Not for loan Collection code Home library Current library Shelving location Date acquired Source of acquisition Inventory number Total Checkouts Full call number Barcode Date last seen Date last checked out Price effective from Koha item type
    Dewey Decimal Classification     General Biblioteca Karol Wojtyla Biblioteca Karol Wojtyla Sala general 03/12/2013 Compra 151000000000000000012425 4 629.2293 HUS 2011 91246 27/02/2026 13/02/2026 27/08/2014 Libro